1075 1657 1240 1348 1225 1095 1574 1878 1385 1062 1569 1669 1051 1410 1351 1097 1619 1093 1491 1328 1930 1852 1514 1953 1293 1837 1456 1392 1451 1929 1272 1228 1780 1751 1764 1987 1503 1197 1568 1917 1165 1724 1258 1128 1919 1512 1083 1082 1061 1133 1912 1520 1959 1432 1868 1388 1102 1654 1228 1070 1840 1338 1322 1786 1254 1209 1039 1581 1447 1524 1362 1347 1023 1825 1785 1398 1477 1547 1157 1183 1252 1578 1121 1290 1171 1883 1726 1997 1232 1000 1717 1640 1135 1994 1520 1705 1569 1064 1440 BCNSPRNW ULIB Ver.6.0+V

เปลี่ยนเป็นภาษาไทย

Change to English
 แสดงรายละเอียดบรรณานุกรม
  กลับหน้าหลัก

Brief Record : Get Marc (ISO 2709) : E-mail record : QR code < ปิดหน้าต่าง
LEADER : 00000nam 2200000uu 4500
001    13399112689
003     ULIB
008    110220s2553||||th 000 0 tha d
099    วจ.W864^bว645ผ
100 0  วิภา ประสิทธิโชค
245 00 ผลของการอบรมเรื่อง ภาวะซึมเศร้า การฆ่าตัวตาย และแนวทางการดูแลผู้ป่วย ต่อความรู้ และความพึงพอใจของพยาบาลวิชาชีพ/^cวิภา ประสิทธิโชค
260    นครสวรรค์:^bวิทยาลัยพยาบาลบรมราชชนนี สวรรค์ประชารักษ์ นครสวรรค์,^c2553
300    57 หน้า
650  7 ภาวะซึมเศร้า^xวิจัย
650  7 การฆ่าตัวตาย^xวิจัย
710 2  กระทรวงสาธารณสุข.^bสถาบันพระบรมราชนก.^bวิทยาลัยพยาบาลบรมราชชนนี สวรรค์ประชารักษ์ นครสวรรค์.
945    ^p0^l0^i029290
995    ทศพร
999 ^a ใช้งานได้ทุกระบบ
รายการนี้ยังไม่มีแท็ก
คุณยังไม่ได้ล็อกอิน คุณสามารถมีกิจกรรมร่วมกับเว็บไซต์ได้ แต่ต้องล็อกอินก่อน ::
  ล็อกอิน

รายการสื่อสารสนเทศ

ลำดับที่ ประเภท เลขเรียก/บาร์โค้ด สถานที่ สถานะ
- ไม่พบข้อมูล -

รายการใกล้เคียง
    ผู้แต่ง [วิภา ประสิทธิโชค]

BibComment


ยังไม่เคยถูกคอมเมนท์

คอมเมนท์ทรัพยากรรายการนี้
  คอมเมนท์: ผลของการอบรมเรื่อ..


 Copyright 2026. Bcnsprnw @Library